| Record ID | marc_records_scriblio_net/part09.dat:14038570:955 |
| Source | Scriblio |
| Download Link | /show-records/marc_records_scriblio_net/part09.dat:14038570:955?format=raw |
LEADER: 00955cam 22002771 4500
001 75514064
003 DLC
005 20010213115811.0
008 780928s1970 enk b 000 0 lat
010 $a 75514064
015 $aB70-15754--B70-15755
020 $z19814654X (v. 1)$z198146558 (v. 2)
040 $aDLC$cDLC$dDLC
050 00 $aPA6105.S8$bQ55
051 $aPA6649$b.A2 1970$cCopy 2.
100 0 $aQuintilian.
240 10 $aInstitutiones oratoriae
245 10 $aInstitutionis oratoriae libri duodecim;$brecognovit brevique adnotatione critica instruxit M. Winterbottom.
260 $aOxonii (Oxford),$bE. Typographeo Clarendoniano (Clarendon P.),$c1970.
300 $a2 v.$c19 cm.
350 $a2/25/-
440 0 $aScriptorum classicorum bibliotheca Oxoniensis
504 $aBibliography: v. 1, p. xvii-xxii.
505 0 $at. 1. Libri 1-6.--t. 2. Libri 7-12.
650 0 $aOratory$xEarly works to 1800.
700 1 $aWinterbottom, Michael,$d1934-